000 00689nam a22002297a 4500
003 UA-OsUOA
001 54007
007 ta
008 20160321b un ||||| |||| 00| 0 ukr d
090 _a94(477).10
942 _cBK
040 _aUA-OsUOA
_bspa
_cUA-OsUOA
_dUA-OsUOA
245 _aDestino San Francisco 1945: Ucrania, Estado miembro y fundator de la ONU
300 _a55 p.
955 _a1
041 _aspa
080 _a94(477).10
260 _aValencia
_bReproexpres
_c2015
650 7 _a9 Географія. Біографії. Історія
_2UDC
999 _c434127
_d434127